Viete správne prestierať?

Dúfajme, že donáškové časy sú už za nami a hosťa reštaurácie nevíta výdajné okienko, no vkusne prestretý stôl. Pamätáte si, ako sa správne prestiera?

Gespeichert in:
Bibliographische Detailangaben
1. Verfasser: Kramárová, Helena
Format: Buchkapitel
Sprache:Slowakisch
Schlagworte:
Tags: Tag hinzufügen
Keine Tags, Fügen Sie das erste Tag hinzu!

MARC

LEADER 00000naa a2200000 4500
001 0289295
005 20240417075221.0
041 0 |a slo 
044 |a SK 
245 1 0 |a Viete správne prestierať?  |c Helena Kramárová 
520 |a Dúfajme, že donáškové časy sú už za nami a hosťa reštaurácie nevíta výdajné okienko, no vkusne prestretý stôl. Pamätáte si, ako sa správne prestiera? 
610 2 0 |a hotely 
610 2 0 |a hotelierstvo 
610 2 0 |a reštaurácie 
610 2 0 |a zákazníci 
100 1 |a Kramárová, Helena